Govt. of
Madhya Pradesh

मैं डॉ भीमराव अंबेडकर बोल रहा हॅू भाग 1 (Record no. 56077)

MARC details
000 -LEADER
fixed length control field 00551nam a22001457a 4500
003 - CONTROL NUMBER IDENTIFIER
control field macl
005 - DATE AND TIME OF LATEST TRANSACTION
control field 20170203164148.0
008 - FIXED-LENGTH DATA ELEMENTS--GENERAL INFORMATION
fixed length control field 170203b xxu||||| |||| 00| 0 eng d
040 ## - CATALOGING SOURCE
Transcribing agency macl
100 ## - MAIN ENTRY--PERSONAL NAME
Personal name गजभिये प्रभाकर
9 (RLIN) 66718
245 ## - TITLE STATEMENT
Title मैं डॉ भीमराव अंबेडकर बोल रहा हॅू भाग 1
260 ## - PUBLICATION, DISTRIBUTION, ETC. (IMPRINT)
Place of publication, distribution, etc. दिल्‍ली
Name of publisher, distributor, etc. पुष्‍पांजलि प्रकाशन
Date of publication, distribution, etc. 2015
650 ## - SUBJECT ADDED ENTRY--TOPICAL TERM
Topical term or geographic name as entry element सामाजिक अध्‍ययन
9 (RLIN) 66759
942 ## - ADDED ENTRY ELEMENTS (KOHA)
Source of classification or shelving scheme
Koha item type Hindi Books

No items available.